000
00344nam a2200145Ia 4500
008
230718s9999 xx 000 0 und d
041
_a
Eng.
082
_a
34202
_b
AWA-I
100
_a
Awam , Ambrin Tariq
245
0
_a
Islamic republic 1973
260
_a
Pakistan
_b
Kausar law brother
_c
2012
300
_a
298
650
_a
Law
999
_c
28516
_d
28516